[Event "Kecskemet"]
[Site "Kecskemet"]
[Date "1991.??.??"]
[Round "8"]
[White "Arkhipov, Sergey"]
[Black "Grebennikov, Sergej"]
[Result "1-0"]
[WhiteElo "2500"]
[BlackElo "2400"]
[PlyCount "65"]
[EventDate "1991.04.??"]
[EventType "tourn"]
[EventRounds "11"]
[EventCountry "HUN"]
[EventCategory "8"]
[SourceTitle "CBM 023 Extra"]
[Source "ChessBase"]
[SourceDate "1991.09.01"]
[SourceVersion "1"]
[SourceVersionDate "1991.09.01"]
[SourceQuality "1"]

1. c4 f5 2. Nc3 e5 3. d4 exd4 4. Qxd4 Nc6 5. Qe3+ Kf7 6. Nf3 Nf6 7. Nd5 Nb4 8. Qb3 Nbxd5 9. cxd5 Bd6 10. g3 Qe7 11. Bg2 b6 12. 0-0 Bb7 13. Nd4 g6 14. Be3 Ne4 15. Rac1 Kg7 16. Nb5 Rhc8 17. Rfd1 Be5 18. Bxe4 fxe4 19. Rc4 Bd6 20. Nc3 Re8 21. Nxe4 Qxe4 22. Rxe4 Rxe4 23. Bd4+ Kg8 24. Qf3 Bxd5 25. Qf6 Rxd4 26. Rxd4 Rf8 27. Qxf8+ Kxf8 28. Rxd5 Ke7 29. e4 Bc5 30. Kg2 Ke6 31. Rd3 a5 32. f4 d6 33. g4 1-0

[Event "Kecskemet"]
[Site "Kecskemet"]
[Date "1991.??.??"]
[Round "9"]
[White "Grebennikov, Sergej"]
[Black "Chekhov, Valery A"]
[Result "1/2-1/2"]
[WhiteElo "2400"]
[BlackElo "2515"]
[PlyCount "66"]
[EventDate "1991.04.??"]
[EventType "tourn"]
[EventRounds "11"]
[EventCountry "HUN"]
[EventCategory "8"]
[SourceTitle "CBM 023 Extra"]
[Source "ChessBase"]
[SourceDate "1991.09.01"]
[SourceVersion "1"]
[SourceVersionDate "1991.09.01"]
[SourceQuality "1"]

1. c4 e5 2. Nc3 Bb4 3. Nd5 Ba5 4. b4 c6 5. bxa5 cxd5 6. cxd5 Qxa5 7. e4 Nf6 8. f3 d6 9. Ne2 Na6 10. Nc3 Bd7 11. a4 Nc5 12. Ba3 0-0 13. Qb1 Rfc8 14. Bb5 Qd8 15. 0-0 a6 16. Bxd7 Nfxd7 17. f4 Qe7 18. Ra2 Re8 19. f5 f6 20. Rb2 Rec8 21. Qd1 b6 22. Qe2 Qd8 23. Rfb1 Qc7 24. g4 Nb7 25. Bb4 Qc4 26. Qxc4 Rxc4 27. Ba3 a5 28. Kf2 Rd8 29. Ke3 Kf7 30. h4 h6 31. Rb3 Ke7 32. d3 Rd4 33. Rxb6 Nxb6 1/2-1/2

[Event "Kecskemet"]
[Site "Kecskemet"]
[Date "1991.??.??"]
[Round "7"]
[White "Grebennikov, Sergej"]
[Black "Moiseev, Viktor"]
[Result "1-0"]
[WhiteElo "2400"]
[BlackElo "2460"]
[PlyCount "81"]
[EventDate "1991.04.??"]
[EventType "tourn"]
[EventRounds "11"]
[EventCountry "HUN"]
[EventCategory "8"]
[SourceTitle "CBM 023 Extra"]
[Source "ChessBase"]
[SourceDate "1991.09.01"]
[SourceVersion "1"]
[SourceVersionDate "1991.09.01"]
[SourceQuality "1"]

1. c4 c5 2. Nf3 Nf6 3. Nc3 b6 4. e3 Bb7 5. d4 cxd4 6. exd4 e6 7. Bd3 Bb4 8. 0-0 Bxc3 9. bxc3 d6 10. Bg5 h6 11. Bh4 Nbd7 12. Nd2 Qc7 13. Qe2 0-0 14. f4 Rfe8 15. Rac1 Rac8 16. Rf2 d5 17. h3 Ba6 18. cxd5 exd5 19. Qf3 Bxd3 20. Qxd3 Ne4 21. Rf3 Nxd2 22. Qxd2 Qc4 23. Re1 Rxe1+ 24. Qxe1 Qxa2 25. f5 Qc2 26. f6 g5 27. Bg3 Nf8 28. h4 Ne6 29. Bd6 Qe4 30. Re3 Qg4 31. hxg5 Nxg5 32. Rg3 Qf5 33. Be5 Kh7 34. Qe2 Rg8 35. Qh5 Qg6 36. Rxg5 Qxg5 37. Qxf7+ Kh8 38. Qxd5 Rf8 39. Qd7 Kg8 40. Qe6+ Rf7 41. Qe8+ 1-0